Index librorum prohibitorum SS. Domini Nostri Gregorii XVI pontificis maximi jussu editus Romae MDCCCXLI

Detalles Bibliográficos
Formato: Libro
Lenguaje:Undetermined
Latin
Publicado: Monteregali : excudebat Petrus Rossi, 1852.
Materias:
Colección:Banco de datos
Acervo:Biblioteca Palafoxiana. Colección bibliográfica
Descripción Física:470, 20 p. ; 8°
Tema general:Bibliografía
Notas:Sello en tinta: Contraloría de la Federación. Número de localización: 39317
LEADER 00592nam a2200157Ia 4500
008 150723s9999 xx 000 0 und d
041 0 |a lat 
050 0 |a PAFX Z1011 I5 
245 1 0 |a Index librorum prohibitorum SS. Domini Nostri Gregorii XVI pontificis maximi jussu editus Romae MDCCCXLI 
260 |a Monteregali : excudebat Petrus Rossi, 1852. 
300 |a 470, 20 p. ; 8° 
500 |a Sello en tinta: Contraloría de la Federación. Número de localización: 39317 
650 1 0 |a Bibliografía 
942 |c PALALIB 
943 |g Biblioteca Palafoxiana. Colección bibliográfica 
999 |c 1060659  |d 1060659